[Event "Hradec Kralove Region-chT 2223"]
[Site "Czech Republic"]
[Date "2022.12.11"]
[Round "5.1"]
[White "Horak, Jan"]
[Black "Ruda, Ondrej"]
[Result "1/2-1/2"]
[WhiteElo "2162"]
[BlackElo "1998"]
[PlyCount "63"]
[EventDate "2022.10.09"]
[EventType "team-tourn"]
[EventRounds "11"]
[EventCountry "CZE"]
[SourceTitle "EXT 2024"]
[Source "ChessBase"]
[SourceDate "2023.10.10"]
[SourceVersion "1"]
[SourceVersionDate "2023.10.10"]
[SourceQuality "1"]

1. Nf3 d5 2. d4 Nf6 3. c4 c6 4. g3 Bf5 5. Bg2 e6 6. 0-0 Nbd7 7. Nbd2 h6 8. b3 Be7 9. Bb2 0-0 10. Ne1 Re8 11. f3 Bb4 12. a3 Bxd2 13. Qxd2 Qb6 14. Qb4 Bg6 15. Nd3 Bxd3 16. exd3 e5 17. Qxb6 axb6 18. dxe5 Nxe5 19. f4 Neg4 20. Rfe1 Ne3 21. Bf3 dxc4 22. dxc4 Rad8 23. Re2 Nf5 24. Rxe8+ Rxe8 25. Kf2 Ne4+ 26. Bxe4 Rxe4 27. Re1 Rxe1 28. Kxe1 f6 29. Ke2 h5 30. Kf3 Kf7 31. h3 g6 32. Bc3 1/2-1/2

[Event "Liberec Desko op"]
[Site "Liberec"]
[Date "2021.07.21"]
[Round "6"]
[White "Krivanek, Vladimir"]
[Black "Horak, Jan"]
[Result "0-1"]
[WhiteElo "2180"]
[BlackElo "2072"]
[PlyCount "74"]
[EventDate "2021.07.17"]
[EventType "swiss"]
[EventRounds "9"]
[EventCountry "CZE"]
[SourceTitle "CBM 203 Extra"]
[Source "ChessBase"]
[SourceDate "2021.09.30"]
[SourceVersion "1"]
[SourceVersionDate "2021.09.30"]
[SourceQuality "1"]

1. e4 c5 2. a3 e6 3. b4 cxb4 4. axb4 d5 5. e5 Nc6 6. d4 Bxb4+ 7. c3 Ba5 8. Bd3 Bd7 9. Qg4 Nge7 10. Nf3 Qb6 11. 0-0 0-0-0 12. Qxg7 Rhg8 13. Qf6 Nf5 14. Bxf5 exf5 15. Qxf7 Rg6 16. g3 Qb3 17. Na3 Qxc3 18. Be3 Bb6 19. Nb5 Qd3 20. Nd6+ Kb8 21. Qxh7 Rgg8 22. e6 Rh8 23. Qxf5 Qxf5 24. Nxf5 Bxe6 25. N5h4 Rhg8 26. Ng2 Bf5 27. Nfh4 Bd3 28. Rfd1 Bc4 29. Nf4 a5 30. Nhg2 Rde8 31. h4 Re4 32. h5 Nxd4 33. Bxd4 Bxd4 34. Rxa5 b5 35. Nxd5 Bxd5 36. Rxb5+ Bb7 37. h6 Rxg3 0-1

[Event "Ceske Budejovice op"]
[Site "Ceske Budejovice"]
[Date "2021.07.07"]
[Round "7"]
[White "Horak, Jan"]
[Black "Kantorik, Marian"]
[Result "1/2-1/2"]
[WhiteElo "2072"]
[BlackElo "2212"]
[PlyCount "69"]
[EventDate "2021.07.01"]
[EventType "swiss"]
[EventRounds "9"]
[EventCountry "CZE"]
[SourceTitle "CBM 203 Extra"]
[Source "ChessBase"]
[SourceDate "2021.09.30"]
[SourceVersion "1"]
[SourceVersionDate "2021.09.30"]
[SourceQuality "1"]

1. e4 c6 2. d4 d5 3. Nc3 dxe4 4. Nxe4 Nf6 5. Nxf6+ exf6 6. Nf3 Bd6 7. Be2 0-0 8. 0-0 Re8 9. Re1 Nd7 10. c4 Nf8 11. Qb3 Ng6 12. Bd2 b6 13. Rad1 Bg4 14. h3 Bd7 15. Bf1 Qc7 16. Bb4 c5 17. Bc3 h6 18. Qc2 Rad8 19. b3 Bc6 20. d5 Bd7 21. Rxe8+ Rxe8 22. Re1 Rxe1 23. Nxe1 Bh2+ 24. Kh1 Be5 25. Nf3 Bxc3 26. Qxc3 Qf4 27. Qe3 Kf8 28. Bd3 Qxe3 29. fxe3 Ne5 30. Nxe5 fxe5 31. e4 Ke7 32. Kh2 g6 33. g4 a6 34. a4 Kd6 35. Kg3 1/2-1/2

[Event "Ceske Budejovice op"]
[Site "Ceske Budejovice"]
[Date "2021.07.05"]
[Round "5"]
[White "Horak, Jan"]
[Black "Jurek, Josef"]
[Result "1-0"]
[WhiteElo "2072"]
[BlackElo "2214"]
[PlyCount "93"]
[EventDate "2021.07.01"]
[EventType "swiss"]
[EventRounds "9"]
[EventCountry "CZE"]
[SourceTitle "CBM 203 Extra"]
[Source "ChessBase"]
[SourceDate "2021.09.30"]
[SourceVersion "1"]
[SourceVersionDate "2021.09.30"]
[SourceQuality "1"]

1. e4 e6 2. Nf3 d5 3. e5 c5 4. b4 cxb4 5. a3 Nc6 6. d4 Bd7 7. axb4 Bxb4+ 8. c3 Be7 9. Bd3 a6 10. 0-0 Rc8 11. Nbd2 Na5 12. Bb2 Bb5 13. Bxb5+ axb5 14. Ba3 Rxc3 15. Bxe7 Nxe7 16. Qb1 Rc8 17. Qxb5+ Nec6 18. Qc5 b6 19. Qa3 Qe7 20. Qd3 0-0 21. Rfb1 Rb8 22. Rb2 Rb7 23. Rab1 Rfb8 24. Ne1 Qd7 25. Nc2 h6 26. Na3 Na7 27. Qa6 Nc8 28. Nb5 Nc6 29. h3 N6a7 30. Nc3 b5 31. Nb3 Rb6 32. Nc5 Qc7 33. Qa3 Qc6 34. Qa5 Ra8 35. N3a4 Rbb8 36. Qd8+ Kh7 37. Nd7 Rb7 38. Nf8+ Kg8 39. Ng6+ Kh7 40. Nf8+ Kg8 41. Ng6+ Kh7 42. Qh8+ Kxg6 43. Rb3 bxa4 44. Rg3+ Kh5 45. Rg5+ Kh4 46. Rg4+ Kh5 47. Qxg7 1-0

[Event "Ceske Budejovice op"]
[Site "Ceske Budejovice"]
[Date "2021.07.04"]
[Round "4"]
[White "Hollan, Petr"]
[Black "Horak, Jan"]
[Result "1-0"]
[WhiteElo "2303"]
[BlackElo "2072"]
[PlyCount "77"]
[EventDate "2021.07.01"]
[EventType "swiss"]
[EventRounds "9"]
[EventCountry "CZE"]
[SourceTitle "CBM 203 Extra"]
[Source "ChessBase"]
[SourceDate "2021.09.30"]
[SourceVersion "1"]
[SourceVersionDate "2021.09.30"]
[SourceQuality "1"]

1. b3 d5 2. Bb2 Bf5 3. Nf3 e6 4. d3 h6 5. g3 Nf6 6. Bg2 Be7 7. 0-0 0-0 8. Nbd2 c5 9. Re1 Bh7 10. e4 Nc6 11. Ne5 Nxe5 12. Bxe5 Rc8 13. exd5 Nxd5 14. Qg4 Bf6 15. Bxd5 exd5 16. Nf1 Rc6 17. Bxf6 Rxf6 18. Re5 Re8 19. Rae1 Ree6 20. Rxe6 fxe6 21. Ne3 Qa5 22. Qe2 Bf5 23. Nxf5 exf5 24. Qe8+ Kh7 25. Re7 Qxa2 26. Qd7 Qa1+ 27. Kg2 Rf8 28. Qxd5 f4 29. Qe4+ Kh8 30. gxf4 b6 31. Qe5 Qxe5 32. fxe5 Rf5 33. c3 b5 34. Rxa7 Rxe5 35. Ra5 Rg5+ 36. Kf1 b4 37. cxb4 c4 38. Rxg5 cxb3 39. Re5 1-0

[Event "CZE-ch Betsys Online Blitz"]
[Site "Chess.com INT"]
[Date "2021.04.17"]
[Round "1"]
[White "Horak, Jan"]
[Black "Dolezal, Eduard"]
[Result "1-0"]
[WhiteElo "2072"]
[BlackElo "1093"]
[PlyCount "85"]
[EventDate "2021.04.17"]
[EventType "swiss (blitz)"]
[EventRounds "13"]
[EventCountry "CZE"]
[SourceTitle "CBM 201 Extra"]
[Source "ChessBase"]
[SourceDate "2021.05.31"]
[SourceVersion "1"]
[SourceVersionDate "2021.05.31"]
[SourceQuality "1"]

1. e4 c5 2. Nf3 d6 3. d4 cxd4 4. Nxd4 Nf6 5. Nc3 g6 6. Be2 Bg7 7. Be3 0-0 8. 0-0 Qc7 9. f4 Nc6 10. Bf3 Nxd4 11. Bxd4 Be6 12. Re1 Rfd8 13. Qd2 d5 14. e5 Nd7 15. Bxd5 Bxd5 16. Nxd5 Qc4 17. Ne3 Qa6 18. c3 Rac8 19. Nd5 e6 20. Ne7+ Kh8 21. Nxc8 Rxc8 22. Qe2 Qxe2 23. Rxe2 Nc5 24. Bxc5 Rxc5 25. Rd1 h6 26. Rd7 Rb5 27. Rxf7 Kg8 28. Rd7 g5 29. g3 a5 30. Kf2 Rd5 31. Rxd5 exd5 32. Rd2 Kf7 33. Rxd5 Ke6 34. Rxa5 gxf4 35. gxf4 h5 36. Kf3 Bh6 37. Ke4 h4 38. f5+ Ke7 39. Rb5 Bg7 40. Rxb7+ Kf8 41. f6 Bh6 42. e6 Bg5 43. Rb8# 1-0

[Event "CZE-ch rapid U20"]
[Site "Ceska Trebova"]
[Date "2020.09.20"]
[Round "8"]
[White "Vaclavik, Patrik"]
[Black "Horak, Jan"]
[Result "0-1"]
[WhiteElo "1590"]
[BlackElo "2079"]
[PlyCount "158"]
[EventDate "2020.09.19"]
[EventType "swiss (rapid)"]
[EventRounds "9"]
[EventCountry "CZE"]
[SourceTitle "CBM 198 Extra"]
[Source "ChessBase"]
[SourceDate "2020.11.30"]
[SourceVersion "1"]
[SourceVersionDate "2020.11.30"]
[SourceQuality "1"]

1. e4 e6 2. g3 d5 3. Bg2 Nf6 4. Nc3 Bb4 5. exd5 Nxd5 6. Nxd5 exd5 7. Ne2 0-0 8. 0-0 Bg4 9. c3 Be7 10. d4 c6 11. Re1 Nd7 12. Qc2 Bf6 13. Nf4 g6 14. Bd2 Qb6 15. Qb3 Bf5 16. h3 h5 17. f3 Qxb3 18. axb3 Bc2 19. b4 Nb6 20. Bf1 Bb3 21. b5 Bc4 22. bxc6 bxc6 23. Nd3 a5 24. Nc5 Rfc8 25. b3 Bxf1 26. Kxf1 Ra7 27. g4 hxg4 28. hxg4 Rca8 29. f4 a4 30. bxa4 Nc4 31. Bc1 Be7 32. Nd3 Bd6 33. Ne5 Bxe5 34. fxe5 Rxa4 35. Rxa4 Rxa4 36. Bg5 Kf8 37. Bf6 Ke8 38. Re2 Ra3 39. Rh2 Ra1+ 40. Kg2 Ra2+ 41. Kg3 Rxh2 42. Kxh2 Ne3 43. Bg5 Nd1 44. Bd2 Kd7 45. Kg2 Ke6 46. Kf3 Nb2 47. Bc1 Nc4 48. Kg3 Na5 49. Kh4 Nb3 50. Be3 Na1 51. Bc1 Nc2 52. Kg3 Na1 53. Kf3 Nb3 54. Be3 Na5 55. Ke2 Nc4 56. Bc1 Nb6 57. Kd3 Kd7 58. Ke3 Na8 59. Kd3 Nc7 60. Ba3 Ne6 61. Ke3 Kc7 62. Bd6+ Kb6 63. Kd3 Kb5 64. Be7 Ka4 65. Kc2 Nf4 66. Bg5 Ne6 67. Be7 Nc7 68. Bc5 Nb5 69. Be7 Na3+ 70. Kb2 Nc4+ 71. Kc2 Ne3+ 72. Kd3 Nxg4 73. Bg5 Nf2+ 74. Kc2 Ne4 75. Be7 g5 76. Kd3 Kb3 77. Bb4 g4 78. Be7 g3 79. c4 g2 0-1

[Event "Ceske Budejovice op-A"]
[Site "Ceske Budejovice"]
[Date "2020.07.03"]
[Round "3"]
[White "Bombek, Peter"]
[Black "Horak, Jan"]
[Result "1/2-1/2"]
[WhiteElo "2181"]
[BlackElo "1992"]
[PlyCount "44"]
[EventDate "2020.07.01"]
[EventType "swiss"]
[EventRounds "9"]
[EventCountry "CZE"]
[SourceTitle "CBM 197 Extra"]
[Source "ChessBase"]
[SourceDate "2020.09.30"]
[SourceVersion "1"]
[SourceVersionDate "2020.09.30"]
[SourceQuality "1"]

1. d4 Nf6 2. Nf3 d5 3. c4 e6 4. Nc3 dxc4 5. e3 a6 6. a4 b6 7. Bxc4 Bb7 8. 0-0 c5 9. b3 Nc6 10. Ba3 Nb4 11. Qe2 cxd4 12. Nxd4 Bc5 13. Rfd1 Qe7 14. Bb2 0-0 15. h3 Rfd8 16. Nf3 Rac8 17. Rxd8+ Rxd8 18. Rd1 h6 19. Ne5 Rxd1+ 20. Qxd1 Qd6 21. Qxd6 Bxd6 22. Nd3 Nxd3 1/2-1/2

[Event "Ceske Budejovice op-A"]
[Site "Ceske Budejovice"]
[Date "2020.07.02"]
[Round "2"]
[White "Horak, Jan"]
[Black "Prazak, Daniel"]
[Result "1-0"]
[WhiteElo "1992"]
[BlackElo "1778"]
[PlyCount "97"]
[EventDate "2020.07.01"]
[EventType "swiss"]
[EventRounds "9"]
[EventCountry "CZE"]
[SourceTitle "CBM 197 Extra"]
[Source "ChessBase"]
[SourceDate "2020.09.30"]
[SourceVersion "1"]
[SourceVersionDate "2020.09.30"]
[SourceQuality "1"]

1. Nf3 f5 2. g3 Nf6 3. Bg2 e6 4. c4 d5 5. 0-0 c6 6. d4 Be7 7. Nc3 0-0 8. Bf4 Nbd7 9. cxd5 exd5 10. Qd3 Ne4 11. Ne5 g5 12. Nxd7 Bxd7 13. Be5 Bf6 14. Bxf6 Rxf6 15. f3 Nxc3 16. bxc3 f4 17. e4 fxe3 18. Rae1 Re6 19. Rxe3 Qf6 20. f4 Rae8 21. Re5 gxf4 22. Bh3 Rxe5 23. dxe5 Qg7 24. Bxd7 Qxd7 25. gxf4 Re6 26. Kh1 Qf7 27. Qh3 c5 28. Qg4+ Qg6 29. Qf3 Qe4 30. Qxe4 dxe4 31. Re1 Ra6 32. Rxe4 Rxa2 33. e6 Kf8 34. Kg1 b5 35. f5 Ra4 36. Re5 Rg4+ 37. Kh1 b4 38. Rxc5 Ke7 39. cxb4 Re4 40. Rd5 Kf6 41. b5 Re2 42. Kg1 h5 43. Kf1 Rc2 44. Rd7 Rxh2 45. Rf7+ Kg5 46. e7 Rh1+ 47. Ke2 Rh2+ 48. Kd3 Rh3+ 49. Ke4 1-0